000 00189 a2200097 4500
020 _a9780062983305
041 _aspa
100 _aStuart J.Murphy
245 _aEl asensor Magico
942 _cK
999 _c26022
_d26022